Technologické postupy a ich tvorba počítačovou podporou

Salvato in:
Dettagli Bibliografici
Autore principale: Macánek, Martin (Autore)
Altri autori: Peterka, Jozef (Relatore della tesi)
Natura: Manoscritto Libro
Lingua:slovacco
Pubblicazione: 2024
Soggetti:
Accesso online:http://is.stuba.sk/zp/portal_zp.pl?podrobnosti=177954
Tags: Aggiungi Tag
Nessun Tag, puoi essere il primo ad aggiungerne!!

MARC

LEADER 00000ntm a22000003a 4500
001 stuzp98278
003 SK-STU
005 20240608211857.7
007 ta
008 150427s2015----xo-----f-mn---000-0-slo-d
040 |a STU  |b slo 
041 0 |a slo 
100 1 |a Macánek, Martin  |u 063000  |k Z4  |4 aut  |U MTF Materiálovotechnologická fakulta  |T MTF Ústav výrobných technológií  |X 103307  |U M3000  |Y 83  |7 103307 
242 0 1 |a Technological processes and their creation with computer support  |y eng 
245 1 0 |a Technologické postupy a ich tvorba počítačovou podporou 
260 |c 2024 
650 4 |a technologický postup  |2 slo 
650 4 |a CAPP  |2 slo 
650 4 |a návrh generatívneho prístupu  |2 slo 
650 4 |a technological process  |2 eng 
650 4 |a CAPP  |2 eng 
650 4 |a proposal of a generative approach  |2 eng 
700 1 |a Peterka, Jozef  |u 063200  |k Z1  |4 ths  |U MTF Ústav výrobných technológií  |T MTF Katedra obrábania a počítačovej podpory technológií  |X 278  |U M3200  |Y 164  |7 A000000278 
856 4 |u http://is.stuba.sk/zp/portal_zp.pl?podrobnosti=177954 
996 |c M* DP-15377  |l MMSKP  |s P  |a 0  |w stuzp98278_0001